The missing link in projects : a book written by a project manager for project managers and about project management (Record no. 201617)

MARC details
000 -LEADER
fixed length control field 00366nam a2200097Ia 4500
082 ## - DEWEY DECIMAL CLASSIFICATION NUMBER
Classification number 658.404|MSEN
008 - FIXED-LENGTH DATA ELEMENTS--GENERAL INFORMATION
fixed length control field 210817s9999 xx 000 0 und d
100 ## - MAIN ENTRY--PERSONAL NAME
Personal name Msengana, Lunga Randburg [South Africa], 2012
9 (RLIN) 63587
245 #0 - TITLE STATEMENT
Title The missing link in projects : a book written by a project manager for project managers and about project management
942 ## - ADDED ENTRY ELEMENTS
item type Books
Holdings
Withdrawn status Lost status Damaged status Not for loan Home library Current library Date acquired Cost, normal purchase price Total Checkouts Barcode Date last seen Price effective from item type
        Emthonjeni PL (MMID-PLEMA-EMTH) Emthonjeni PL (MMID-PLEMA-EMTH) 18.08.2021 356.00   3322810089942 18.08.2021 18.08.2021 Books